000 00227nam a22000857a 4500
008 160808b xxu||||| |||| 00| 0 eng d
100 _969
_aGupta R.G
245 _aComposite Mathematics-VII
260 _aNew Delhi
_bAPC Publication
_c2010
999 _c2721
_d2721